| 000 | 00494nam a2200169 4500 | ||
|---|---|---|---|
| 001 | 121035 | ||
| 003 | ES-MaACL | ||
| 005 | 20240423092725.0 | ||
| 007 | t| | ||
| 008 | 070214s1969 sp r ||||1| spa d | ||
| 245 | 0 | 4 |
_aLos Premios Sésamo andaluces _b: narraciones / _cFernando Quiñones [et al.]. |
| 260 |
_aSevilla : _bSur, _c1969. |
||
| 300 |
_a113 p. ; _c19 cm. |
||
| 700 | 0 |
_aQuiñones, Fernando, _d1930-1998 _994750 |
|
| 852 |
_aES-MaACL _jC-51476 _bR.68362 |
||
| 999 |
_c121035 _d121035 |
||